STN ISO 5963 (01 0173) dokumentácia

Salvato in:
Dettagli Bibliografici
Ente Autore: Úrad pre normalizáciu, metrológiu a skúšobníctvo Slovenskej republiky
Altri autori: Krištofičová, Eva, Jurčacková, Zora
Natura: Libro
Lingua:slovacco
Pubblicazione: Bratislava Slovenský ústav technickej normalizácie 1997
Soggetti:
Tags: Aggiungi Tag
Nessun Tag, puoi essere il primo ad aggiungerne!!

MARC

LEADER 00000nam a2200000 4500
001 c132720
005 20240104101434.7
041 0 |a slo 
044 |a SK 
245 1 0 |a STN ISO 5963 (01 0173)  |b dokumentácia  |c Spracovateľ: Eva Krištofičová, Zora Jurčacková 
264 1 |a Bratislava  |b Slovenský ústav technickej normalizácie  |c 1997 
300 |a 12 s. 
500 |a Norma obsahuje ISO 5963: 1985 
610 2 0 |a normy ISO 
610 2 0 |a dokumentácia 
610 2 0 |a STN 01 0173 
610 2 0 |a terminológia 
610 2 0 |a analýza dokumentov 
610 2 0 |a tezaury 
700 1 |a Krištofičová, Eva 
700 1 |a Jurčacková, Zora 
710 2 |a Úrad pre normalizáciu, metrológiu a skúšobníctvo Slovenskej republiky